Digital communications (Record no. 956)

000 -LEADER
fixed length control field 00508nam a2200205 a 4500
001 - CONTROL NUMBER
control field 956
003 - CONTROL NUMBER IDENTIFIER
control field BD-DhUET
008 - FIXED-LENGTH DATA ELEMENTS--GENERAL INFORMATION
fixed length control field 860516s1986 inua b 001 0 eng
020 ## - INTERNATIONAL STANDARD BOOK NUMBER
International Standard Book Number 0071181830
040 ## - CATALOGING SOURCE
Original cataloging agency DLC
Transcribing agency DLC
Modifying agency BD-DhUET
082 00 - DEWEY DECIMAL CLASSIFICATION NUMBER
Classification number 623.8
Item number PRO/2001
100 ## - MAIN ENTRY--PERSONAL NAME
Personal name Proakis, John G.
245 00 - TITLE STATEMENT
Title Digital communications
250 ## - EDITION STATEMENT
Edition statement 4th ed.
260 ## - PUBLICATION, DISTRIBUTION, ETC. (IMPRINT)
Place of publication, distribution, etc. Boston
Name of publisher, distributor, etc. McGraw-Hill
Date of publication, distribution, etc. 2001
300 ## - PHYSICAL DESCRIPTION
Extent xxi,1002p..
504 ## - BIBLIOGRAPHY, ETC. NOTE
Bibliography, etc Includes bibliographies

650 #0 - SUBJECT ADDED ENTRY--TOPICAL TERM
Topical term or geographic name as entry element Digital communications.
942 ## - ADDED ENTRY ELEMENTS (KOHA)
Koha item type General Book
Holdings
Koha date last seen Sublocation or collection (holding branch) Copy number Shelving location Not for loan Price effective from Damaged status Withdrawn status Piece designation (barcode) Location (home branch) Lost status Koha normalized classification for sorting Koha issues (times borrowed) Date acquired Koha full call number Koha item type Koha date last borrowed Source of classification or shelving scheme
2014-08-26Central Library, BUET1Circulation section 2014-08-26  103342Central Library, BUET 623_000000000000000_8PRO2001 2014-08-26623.8/PRO/2001General Book  
2017-07-30Central Library, BUET2Circulation section 2014-08-26  103344Central Library, BUET 623_000000000000000_8PRO2001 2014-08-26623.8/PRO/2001General Book  
2015-06-08Central Library, BUET3Circulation section 2014-08-26  103345Central Library, BUET 623_000000000000000_8PRO2001 2014-08-26623.8/PRO/2001General Book  
2015-08-18Central Library, BUET4Circulation section 2014-08-26  103346Central Library, BUET 623_000000000000000_8PRO200112014-08-26623.8/PRO/2001General Book2015-05-20 
2014-08-26Central Library, BUET5Circulation section 2014-08-26  103347Central Library, BUET 623_000000000000000_8PRO2001 2014-08-26623.8/PRO/2001General Book  
2018-08-29Central Library, BUET6Circulation section 2014-08-26  103348Central Library, BUET 623_000000000000000_8PRO200122014-08-26623.8/PRO/2001General Book2018-08-06 
2018-09-11Central Library, BUET7Circulation section 2014-08-26  103349Central Library, BUET 623_000000000000000_8PRO200112014-08-26623.8/PRO/2001General Book2018-08-29 
2015-08-16Central Library, BUET8Circulation section 2014-08-26  103350Central Library, BUET 623_000000000000000_8PRO2001 2014-08-26623.8/PRO/2001General Book  
2015-03-01Central Library, BUET9Circulation section 2014-08-26  107674Central Library, BUET 623_000000000000000_8PRO2001 2014-08-26623.8/PRO/2001General Book  
2018-09-09Central Library, BUET10Circulation section 2017-05-16  103343Central Library, BUET 623_800000000000000_PRO_200112007-05-07623.8/PRO/2001General Book2018-08-28